Score 0/7 Timer 01:00
2 Plays Today
Age At Death President % Correct
46 years, 177 daysJohn F. Kennedy
97.4%
56 years, 62 daysAbraham Lincoln
84.1%
49 years, 304 daysJames A. Garfield
68.6%
58 years, 228 daysWilliam McKinley
65.5%
53 years, 225 daysJames K. Polk
42.7%
57 years, 273 daysWarren G. Harding
37.5%
57 years, 44 daysChester A. Arthur
33%
Remove Ads.
Support Sporcle.
Get the best of Sporcle when you Go Orange. This ad-free experience offers more features, more stats, and more fun while also helping to support Sporcle. Thank you for becoming a member.

You're not logged in!

Compare scores with friends on all Sporcle quizzes.
OR
Log In

Sporcle TV

Today on Sporcle TV


Watch our educational content, quiz creation guides, and fun videos on Sporcle TV.

Show Comments

Extras

Top Quizzes Today


Score Distribution

Paid Content

Your Account Isn't Verified!

In order to create a playlist on Sporcle, you need to verify the email address you used during registration. Go to your Sporcle Settings to finish the process.

Report this User

Report this user for behavior that violates our Community Guidelines.

Details: